Introducción a la estadística económica (Registro nro. 1283)
[ vista simple ]
| 000 -LEADER | |
|---|---|
| fixed length control field | 01178 a2200241 4500 |
| 001 - CONTROL NUMBER | |
| control field | 25057 |
| 005 - DATE AND TIME OF LATEST TRANSACTION | |
| control field | 20260407155534.0 |
| 008 - FIXED-LENGTH DATA ELEMENTS--GENERAL INFORMATION | |
| fixed length control field | 260407a1973 arg spa d |
| 003 - CONTROL NUMBER IDENTIFIER | |
| control field | AR-UNSa-BCEJYS |
| 040 ## - CATALOGING SOURCE | |
| Original cataloging agency | AR-UNSa-BCEJYS |
| Language of cataloging | spa |
| Transcribing agency | AR-UNSa-BCEJYS |
| 080 ## - UNIVERSAL DECIMAL CLASSIFICATION NUMBER | |
| Universal Decimal Classification number | 519.2 |
| Common auxiliary subdivision | Probabilidades y estadística matemática<br/> |
| 020 ## - INTERNATIONAL STANDARD BOOK NUMBER | |
| International Standard Book Number | 84-610-6029-6 |
| 100 1# - MAIN ENTRY--PERSONAL NAME | |
| Personal name | Merrill, William C. |
| 245 10 - TITLE STATEMENT | |
| Title | Introducción a la estadística económica |
| 264 #1 - PRODUCTION, PUBLICATION, DISTRIBUTION, MANUFACTURE, AND COPYRIGHT NOTICE | |
| Place of production, publication, distribution, manufacture | Buenos Aires : |
| Name of producer, publisher, distributor, manufacturer | Amorrortu Editores |
| Date of production, publication, distribution, manufacture, or copyright notice | 1973 |
| 300 ## - PHYSICAL DESCRIPTION | |
| Extent | 734 p. |
| Dimensions | 23 cm. |
| 505 ## - FORMATTED CONTENTS NOTE | |
| Formatted contents note | 1. Economía y estadística - 2. Estadística descriptiva - 3. Medición de los cambios en los agregados económicos - 4. Probabilidad básica - 5. Distribuciones de probabilidad - 6. Distribuciones teóricas - 7. Muestreo y estimación - 8. Prueba de hipótesis estadísticas - 9. Regresión simple - 10. Análisi de regresión múltiple - 11. Análisis univariado de series cronólogicas - 12. Identificación, ordenamiento casual y estimación en lso modelos económicos. |
| 590 ## - LOCAL NOTE (RLIN) | |
| Local note | niveau_biblio:m niveau_hierar:0 |
| 700 1# - ADDED ENTRY--PERSONAL NAME | |
| Personal name | Fox, Karl A. |
| 700 1# - ADDED ENTRY--PERSONAL NAME | |
| Personal name | Kitaigorodzki, Mauricio |
| 700 1# - ADDED ENTRY--PERSONAL NAME | |
| Personal name | Sbarra Mitre, Oscar J. |
| 942 ## - ADDED ENTRY ELEMENTS (KOHA) | |
| Koha item type | |
| Withdrawn status | Lost status | Damaged status | Not for loan | Home library | Current library | Shelving location | Date acquired | Total checkouts | Full call number | Barcode | Date last seen | Price effective from | Koha item type |
|---|---|---|---|---|---|---|---|---|---|---|---|---|---|
| Biblioteca Prof. Eusebio Cleto del Rey | Biblioteca Prof. Eusebio Cleto del Rey | 07/04/2026 | 519.2 M568 | L39188 | 07/04/2026 | 07/04/2026 | Libro | ||||||
| Biblioteca Prof. Eusebio Cleto del Rey | Biblioteca Prof. Eusebio Cleto del Rey | 07/04/2026 | 519.2 M568 | L39475 | 07/04/2026 | 07/04/2026 | Libro | ||||||
| Biblioteca Prof. Eusebio Cleto del Rey | Biblioteca Prof. Eusebio Cleto del Rey | 07/04/2026 | 519.2 M568 | L53251 | 07/04/2026 | 07/04/2026 | Libro | ||||||
| Biblioteca Prof. Eusebio Cleto del Rey | Biblioteca Prof. Eusebio Cleto del Rey | 07/04/2026 | 519.2 M568 | L39186 | 07/04/2026 | 07/04/2026 | Libro |